[Event "Joao Pessoa Fischer Memorial 7th"]
[Site "Joao Pessoa"]
[Date "2016.03.12"]
[Round "3"]
[White "Nascimento, Emilly Priscila Gom"]
[Black "De Moura Filho, Eny Nobrega"]
[Result "1-0"]
[WhiteElo "1679"]
[BlackElo "1451"]
[PlyCount "69"]
[EventDate "2016.03.11"]
[EventType "swiss"]
[EventRounds "6"]
[EventCountry "BRA"]
[SourceTitle "CBM 171 Extra"]
[Source "ChessBase"]
[SourceDate "2016.04.26"]
[SourceVersion "1"]
[SourceVersionDate "2016.04.26"]
[SourceQuality "1"]

1. e4 e5 2. Nf3 Nf6 3. Nc3 Nc6 4. d4 Bb4 5. d5 Ne7 6. g3 d6 7. a3 Bxc3+ 8. bxc3 Nxe4 9. Be3 Nxc3 10. Qc1 Ncxd5 11. Bd3 Bg4 12. Nh4 c5 13. Bd2 a6 14. 0-0 Qc8 15. f4 Bh3 16. Rf2 Qc6 17. Nf3 b5 18. Be4 f5 19. Bxd5 Qxd5 20. fxe5 dxe5 21. Qb2 Nc6 22. Re1 0-0 23. Bc3 Rad8 24. Nxe5 Rfe8 25. Nf3 Rxe1+ 26. Nxe1 Re8 27. Nd3 Nd4 28. Bxd4 cxd4 29. Qc1 Re3 30. Nf4 Qe4 31. Nd3 Rf3 32. Rxf3 Qxf3 33. Nf4 g5 34. Nxh3 f4 35. Qe1 1-0